000
00310nam a2200121Ia 4500
008
191201s2012 xx 000 0 und d
100
_a
GARG, Shubhra
245
0
_a
Fundamentals of Distributed Operating Systems
260
_a
N. Delhi
_b
S.K.Kataria
_c
2012
300
_a
282
650
_a
M.Tech(CSE)
942
_2
ddc
_c
BK
999
_c
99
_d
99